Deformation and fracture mechanism study in deep drawing steels through metallographic analysis

Bibliographic Details
Main Authors: Pešek, Ladislav, 1947- (Author), Kumar, A.N (Author), Makroczy, P. (Author)
Format: Article
Language:Slovak
English
PhysicalDescription:Obr.
ISSN:1335-1532
Subjects:

MARC

LEADER 00000nab a2200000 a 4500
001 vtls000780833
003 SK-MaSNL
005 20260304111245.0
008 250429c2001 xo 0 slo
015 |a SNBRB2002/01-03055 
035 |a CLN000132575 
035 |a urn:nbn:sk:snk-abd430 
035 |a (urnnbn)urn:nbn:sk:snk:ar-00568j 
035 |a (uuid)14d048f1-88c9-4660-80a1-93a33ac06103 
040 |a SNKBUCL  |b slo  |c SNKBUCL  |e AACR2 
041 0 |a eng 
044 |a xo  |c SK 
080 |a 669.14.018.26:620.19:620.18  |2 1997 
080 |a 620.19  |2 1997 
080 |a 620.18  |2 1997 
100 1 |a Pešek, Ladislav,  |d 1947-  |4 aut  |9 219530 
245 1 0 |a Deformation and fracture mechanism study in deep drawing steels through metallographic analysis  |c L. Pešek, A.N. Kumar, P. Makroczy 
300 |b Obr. 
504 |a Res. angl. 
504 |a Bibliogr. odkazy 
650 0 7 |a ocele hlbokoťažné  |x deformácie  |x lom  |x metalografia  |2 snkbucl  |9 1411191 
650 0 7 |a lomová mechanika  |2 snkbucl  |9 67016 
650 0 7 |a metalografia  |2 snkbucl  |9 3621 
655 7 |a články z novín a časopisov  |2 snkbucl  |9 267496 
700 1 |a Kumar, A.N.  |4 aut  |9 1411192 
700 1 |a Makroczy, P.  |4 aut  |9 791406 
773 0 |t Acta metallurgica slovaca  |g Roč. 7, mimoriadne č. 1 (2001), s. 288-292  |x 1335-1532 
850 |a Slovenská národná knižnica 
852 |a Slovenská národná knižnica 
958 |a article17 
958 |a NB 
958 |a OND 
958 |a EUIPO 
992 |a RBX 
999 |c 2862038  |d 2863968